01385nab a22002177a 4500003000400000005001700004008004100021040000700062100002700069245008600096260007300182300001200255500003400267505054800301505008100849650001800930650003400948650000900982700002700991773014901018OSt20260204104406.0190429b xxu||||| |||| 00| 0 spa d cPJ aArias, Florencia Carla10aCompensación por pena ilícita /cFlorencia Carla Arias, Georgina Daiana Losco cCiudad Autónoma de Buenos Aires :aThomson Reuters La Ley, b2024. ap. 3-15 aCita Online: AR/DOC/154/2024. aSumario: I. Situaciones que podrían configurar penas ilícitas en contextos de encierro.— II. Posibles soluciones.— III. Casos de la Corte Interamericana de Derechos Humanos.— IV. Jurisprudencia de la Corte Suprema de Justicia de la Nación sobre responsabilidad del estado por hechos ocurridos en contextos de encierro.— V. Cámara Nacional de Casación en lo Criminal y Correccional.— VI. Juzgado de Ejecución Penal.— VII. Tribunal Oral en lo Criminal y Correccional de Capital Federal.— VIII. Consideraciones finales.  tSi te interesa el texto completo, solicitalo a koha@justierradelfuego.gov.ar 0aDERECHO PENAL 0aPENA PRIVATIVA DE LA LIBERTAD 0aPENA aLosco, Georgina Daiana0 02658tRevista de derecho penal y criminología. Nº 2 - Marzo 2024dCiudad Autónoma de Buenos Aires : Thomson Reuters La Ley, 2017-x00347914